Terapia familiar sistémica de Milán: diálogos sobre teoría y práctica
Guardat en:
| Autors principals: | , , , |
|---|---|
| Format: | Llibre |
| Idioma: | espanyol |
| Publicat: |
Buenos Aires
Amorrortu
2003
|
| Edició: | 1a. ed |
| Col·lecció: | Biblioteca de Psicología y Psicoanálisis. Psicología Terapia Familiar
|
| Matèries: | |
| Etiquetes: |
Afegir etiqueta
Sense etiquetes, Sigues el primer a etiquetar aquest registre!
|
MARC
| LEADER | 00000nam a2200000 a 4500 | ||
|---|---|---|---|
| 001 | UCG7011 | ||
| 003 | CL-VaPUC | ||
| 008 | 110609e20030000AG |||||||||||||||||spa|d | ||
| 020 | |a 9505185073 | ||
| 082 | 0 | 4 | |a 616.8915 |b BOS |2 21 |
| 100 | 0 | |a Boscolo, Luigi |e author |9 557535 | |
| 700 | 0 | |a Cecchin, Gianfranco |e author |9 557536 | |
| 700 | |a Hoffman, Lynn |e author |9 557537 | ||
| 700 | 0 | |a Penn, Peggy |e author |9 557538 | |
| 245 | 1 | 0 | |a Terapia familiar sistémica de Milán: diálogos sobre teoría y práctica |
| 250 | |a 1a. ed | ||
| 300 | |a 382 p | ||
| 942 | |c BK | ||
| 945 | |d 20110609 00:00:00 |a dcastane | ||
| 260 | |a Buenos Aires |b Amorrortu |c 2003 | ||
| 650 | 7 | |a PSICOTERAPIA |2 CL-VaPUC |9 557539 | |
| 650 | 0 | |a Psicología clínica |9 307259 | |
| 650 | 7 | |a PSICOTERAPIA GRUPAL |2 CL-VaPUC |9 557540 | |
| 650 | 0 | |a Psiquiatría |9 308427 | |
| 650 | 0 | |a Familias |9 255641 | |
| 583 | |a last modification |c 20110609 00:00:00 |k Rodrigo Vera | ||
| 490 | 0 | |a Biblioteca de Psicología y Psicoanálisis. Psicología Terapia Familiar | |
| 999 | |c 345115 |d 345113 | ||
| 952 | |0 0 |1 0 |4 0 |6 616_891500000000000_BOS_2003 |7 0 |8 A |9 443581 |a BIBEDU |b BIBEDU |c ES_NOD |d 2019-11-22 |i 478362K |l 2 |m 1 |o 616.8915 BOS 2003 |p 478362K |r 2024-10-22 |s 2024-10-08 |w 2019-11-22 |y BK |k PSI | ||